Science Quiz

Random Science or Letter Quiz

Periodic Table: Elements without IUM Quiz Stats

Quiz Updated Jun 28, 2017

Challenge
Share
Tweet
Score 0/0 Timer 00:00
9 Plays Today
% Correct
Oxygen
93.8%
Nitrogen
93%
Carbon
92.9%
Argon
92.4%
Fluorine
91.8%
Neon
91.7%
Boron
91.3%
Hydrogen
91.2%
Chlorine
90.3%
Krypton
89.7%
Xenon
89.6%
Sulfur
87.8%
Zinc
87.7%
Nickel
87%
Iron
86.5%
Silicon
86.2%
Cobalt
85.4%
Phosphorus
85.2%
Copper
85.1%
Gold
84.1%
% Correct
Silver
83.4%
Iodine
82.9%
Bromine
80.9%
Radon
80.9%
Arsenic
76%
Lead
74.5%
Manganese
73.9%
Mercury
70.3%
Tin
66.5%
Tungsten
64.6%
Astatine
62.9%
Bismuth
61.6%
Oganesson
58.9%
Antimony
57.5%
Aluminum
51%
Tennessine
47.4%
Platinum
44.2%
Molybdenum
40.3%
Lanthanum
27.4%
Tantalum
27.3%

You're not logged in!

Compare scores with friends on all Sporcle quizzes.
Sign Up with Email
OR
Log In

You Might Also Like...

Show Comments

Extras

Top Quizzes Today


Score Distribution

Your Account Isn't Verified!

In order to create a playlist on Sporcle, you need to verify the email address you used during registration. Go to your Sporcle Settings to finish the process.

Report this User

Report this user for behavior that violates our Community Guidelines.

Details: